000 00482nam a2200169Ia 4500
005 20250227173929.0
008 231217s9999 xx 000 0 und d
020 _a9780824705442
082 _a615.7 KAL;1 R
100 _aKalow, Werner ed. Meyer, Urs A. Tyndale, Rachel F.
245 0 _aPharmacogenomics
260 _c2001
_bMarcel Dekker Inc
_aNew York
300 _axi, 403
400 _aDrugs and the pharmaceutical sciences
650 _aPharmacogenomics
942 _cAA
999 _c193348
_d193348